Central Library OPAC University of Rajshahi

বাংলা সাহিত্যে রবীন্দ্রযুগের ইতিকথা / (Record no. 36779)

MARC details
000 -LEADER
fixed length control field 00976nam a2200229 a 4500
001 - CONTROL NUMBER
control field 36779
003 - CONTROL NUMBER IDENTIFIER
rucl marc code BD-RjUL
005 - DATE AND TIME OF LATEST TRANSACTION
control field 20211209052535.0
008 - FIXED-LENGTH DATA ELEMENTS--GENERAL INFORMATION
fixed length control field 160323s1970 ii ||||e |||||00| 0 ben d
020 ## - INTERNATIONAL STANDARD BOOK NUMBER
Terms of availability IRs.12.00
035 ## - SYSTEM CONTROL NUMBER
System control number (BD-RjUL)36881
040 ## - CATALOGING SOURCE
Original cataloging agency BD-RjUL
Language of cataloging ben
Transcribing agency BD-RjUL
041 ## - LANGUAGE CODE
Language code of text/sound track or separate title ben
082 ## - DEWEY DECIMAL CLASSIFICATION NUMBER
Classification number 891.4409
Author mark and year CHB 1970
Edition number 23
100 ## - MAIN ENTRY--PERSONAL NAME
Personal name চৌধুরী, ভূদেব
9 (RLIN) 112197
245 10 - TITLE STATEMENT
Title বাংলা সাহিত্যে রবীন্দ্রযুগের ইতিকথা /
Statement of responsibility, etc. ভূদেব চৌধুরী |
260 ## - PUBLICATION, DISTRIBUTION, ETC. (IMPRINT)
Place of publication, distribution, etc. কলিকাতা :
Name of publisher, distributor, etc. ইন্ডিয়ান অ্যাসোসিয়েটেড পাবলিশিং কোং,
Date of publication, distribution, etc. ১৯৭০
300 ## - PHYSICAL DESCRIPTION
Pagination vi, [৬],৩৩৮ পৃ. ;
Size ২২ সেমি.
650 ## - SUBJECT ADDED ENTRY--TOPICAL TERM
Topical term or geographic name as entry element বাংলা সাহিত্য
Form subdivision ইতিহাস ও সমালোচনা
9 (RLIN) 78921
Topical term or geographic name as entry element Bengali Literature
Form subdivision History and Criticism.
9 (RLIN) 112198
942 ## - ADDED ENTRY ELEMENTS (KOHA)
Source of classification or shelving scheme Dewey Decimal Classification
Koha item type Books
Holdings
Lost status Source of classification or shelving scheme Damaged status Not for loan Collection code Permanent Location Current Location Shelving location Date acquired Source of acquisition Cost, normal purchase price Total Checkouts Full call number Date last seen Copy number Koha item type
  Dewey Decimal Classification     Non-fiction Central Library, University of Rajshahi Central Library, University of Rajshahi   11/06/1974 Janathan Woran and com. London 12.00   B 891.4409 CHB 1970 02/09/2014 C-2 Books
  Dewey Decimal Classification   Not For Loan Non-fiction Central Library, University of Rajshahi Central Library, University of Rajshahi Reading Room   Janathan Woran and com. London 12.00   B 891.4409 CHB 1970 12/03/2017 C-1 Books